A Brief abstract of the great oppressions and injuries which the late managers of the East-India-Company have acted on the lives, liberties and estates of their fellow-subjects : with a short account of their unjust dealings with the natives in sundry parts of India ... humbly presented to the consideration of the honourable, the knights, citizens, and burgesses, in Parliament assembled.

Bibliographic Details
Corporate Author: England and Wales. Parliament. House of Commons
Format: eBook
Language:English
Published: [Place of publication not identified] : [publisher not identified], [1698]
Series:Making of the modern world (Goldsmiths'-Kress Library of Economic Literature)
Subjects:
Online Access:Connect to the full text of this electronic book

MARC

Tag First Indicator Second Indicator Subfields
LEADER 00000cam a2200000La 4500
001 in00002294875
005 20190326195521.0
006 m | d |
007 cr |n||||||||n
008 870716s1698 xx s 000 0 eng d
040 |a GKS  |c GKS  |d Thomson Gale  |d UtOrBLW 
245 0 2 |a A Brief abstract of the great oppressions and injuries which the late managers of the East-India-Company have acted on the lives, liberties and estates of their fellow-subjects :  |b with a short account of their unjust dealings with the natives in sundry parts of India ... humbly presented to the consideration of the honourable, the knights, citizens, and burgesses, in Parliament assembled. 
264 1 |a [Place of publication not identified] :  |b [publisher not identified],  |c [1698] 
300 |a 4 pages 
336 |a text  |b txt  |2 rdacontent 
337 |a computer  |b c  |2 rdamedia 
338 |a online resource  |b cr  |2 rdacarrier 
500 |a Caption title. 
500 |a Publication date from Goldsmiths' Lib. cat. 
500 |a Reproduction of original from Goldsmiths' Library, University of London. 
500 |a Goldsmiths'-Kress number 03481. 
510 4 |a Wing  |c B4497. 
510 4 |a OCLC,  |c 20889744 
533 |a Electronic reproduction.  |b Farmington Hills, Mich. :  |c Thomson Gale,  |d 2005.  |f (The making of the modern world).  |n Available via the World Wide Web.  |n Access limited to licensing agreements.  |7 s2005 miunns 
500 |a Electronic resource. 
610 2 0 |a East India Company. 
655 0 |a Electronic books. 
710 1 |a England and Wales.  |b Parliament.  |b House of Commons. 
830 0 |a Making of the modern world (Goldsmiths'-Kress Library of Economic Literature) 
856 4 0 |u http://proxy.library.tamu.edu/login?url=http://galenet.galegroup.com/servlet/MOME?af=RN&ae=U100373434&srchtp=a&ste=14&locID=txshracd2898  |z Connect to the full text of this electronic book  |t 0 
999 |a MARS 
999 f f |s 51e796d5-fbb2-3f85-b4dd-c21a8cc6af2c  |i 7494eeb1-4ef0-3fa0-ba75-c5855b13a200  |t 0 
952 f f |a Texas A&M University  |b College Station  |c Electronic Resources  |d Available Online  |t 0  |h No information provided 
998 f f |t 0  |l Available Online